| 000 | 00549nam a22001817a 4500 | ||
|---|---|---|---|
| 005 | 20251108165917.0 | ||
| 008 | 250721s1990 xx 000 0 ara d | ||
| 082 | 1 | 4 | _aق/مور |
| 100 | 1 | _aمورافيا، البرتو | |
| 245 | 1 | 0 | _aالحب الزوجي / |
| 264 | 1 |
_aعمان : _bدار النسر للنشر و التوزيع، _c1990. |
|
| 300 | _a142ص | ||
| 490 | 0 | _aقصص و روايات عالمية | |
| 650 | 1 | 7 | _aالأدب القصصي |
| 700 | 1 |
_aنصار، سمير عزت _eترجمة |
|
| 942 |
_2ddc _cBK |
||
| 999 |
_c34565 _d34565 |
||